000 00638nam a2200181Ia 4500
008 140626s9999 xx 000 0 und d
100 _aWaldman, Irwin.
245 _aChild and adolescent conduct disorder substantially shares genetic influences with three socioemotional dispositions /
_cIrwin Waldman ... [et al.].
260 _cc2011.
300 _a120 : 1, page 57
440 _aJournal of Abnormal Psychology
521 _aPSYCH
650 _aConduct problems.
650 _aGenetic and environmental influences.
650 _aMultivariate behavior genetic alayses.
650 _aSocioemotional dispositions.
942 _cSE
999 _c121261
_d121261